| 000 | 01425nam0a2200361 4500 | ||
|---|---|---|---|
| 001 | RU\NLR\BIBL_A\011668353 | ||
| 005 | 20180412164735.0 | ||
| 010 |
_a978-5-17-106140-1 _d3000 |
||
| 021 |
_aRU _bКН-П-18-014132 _9КН-П-18-1020 |
||
| 035 | _a(NLR Aleph) 011668353 | ||
| 090 |
_a11222469 _c11222469 |
||
| 100 | _a20180402d2018 u y0rusy50 ca | ||
| 101 | 0 |
_arus _ager |
|
| 102 | _aRU | ||
| 105 | _ay|||e 000zy | ||
| 200 | 1 |
_aНемецко-русский русско-немецкий словарь с произношением для начинающих _f[С. А. Матвеев] |
|
| 210 |
_aМосква _cАСТ _cLingua _d2018 |
||
| 215 |
_a160 с. _d20 |
||
| 225 | 1 | _aНовейший словарь | |
| 333 | _a12+ | ||
| 606 | 1 |
_aНемецкий язык _xСловари _xРусский язык _91696762 _3RU\NLR\AUTH\66754878 |
|
| 606 | 1 |
_aРусский язык _xСловари _xНемецкий язык _91537828 _3RU\NLR\AUTH\66971516 |
|
| 686 |
_aШ143.24-48 _2rubbk |
||
| 686 |
_aШ141.2-48 _2rubbk |
||
| 686 | 1 | _aШ143.24-491пер | |
| 686 | 1 | _aШ141.12-491пер | |
| 702 | 1 |
_4220 _7ca _8rus _aМатвеев _bС. А. _cлингвист, философ _gСергей Александрович _915334 _3RU\NLR\AUTH\7732325 |
|
| 942 | _cBOOK | ||
| 980 | _aNBR | ||
| 980 | _aNB | ||